Music Quiz

Random Music or Rock Quiz

RHCP Never Played Live Quiz Stats

 Plays Quiz not verified by Sporcle

Score 0/23 Timer 05:00
0 Plays Today
Album Song % Correct
By the WayTear
68.5%
Blood Sugar Sex MagikThe Greeting Song
61.1%
The GetawayThe Hunter
59.3%
CalifornicationPorcelain
55.6%
By the WayMidnight
55.6%
Stadium ArcadiumStorm in a Teacup
53.7%
Stadium ArcadiumDeath of a Martian
53.7%
Blood Sugar Sex MagikMellowship Slinky in B Major
51.9%
By the WayOn Mercury
51.9%
Blood Sugar Sex MagikThe Righteous and The Wicked
50%
Stadium ArcadiumTurn it Again
50%
One Hot MinuteOne Hot Minute
42.6%
Album Song % Correct
One Hot MinuteTearjerker
40.7%
Stadium ArcadiumEspecially in Michigan
40.7%
Stadium ArcadiumWe Believe
38.9%
Stadium ArcadiumAnimal Bar
35.2%
One Hot MinuteFalling Into Grace
31.5%
Stadium ArcadiumSlow Cheetah
31.5%
Stadium ArcadiumShe Looks to Me
29.6%
Mother's MilkJohnny Kick a Hole In The Sky
27.8%
Stadium ArcadiumMake You Feel Better
24.1%
The Uplift Mofo Party PlanBehind the Sun
24.1%
The Uplift Mofo Party PlanWalkin on Down the Road
20.4%

You're not logged in!

Compare scores with friends on all Sporcle quizzes.
OR
Log In

Sporcle TV

Today on Sporcle TV


Watch our educational content, quiz creation guides, and fun videos on Sporcle TV.

Show Comments

Extras

Top Quizzes Today


Score Distribution

Your Account Isn't Verified!

In order to create a playlist on Sporcle, you need to verify the email address you used during registration. Go to your Sporcle Settings to finish the process.

Report this User

Report this user for behavior that violates our Community Guidelines.

Details: